LEADER 01616nam a2200289 i 4500 001 000000205865 003 CaOOAMICUS 005 20240312145842.0 008 160719s1820 it u000 u ita u 013 $a184610 026 $ao.i- tono maio fail (3) 1820 (A) 040 $aSeMil$bita 100 1 $aCastelli, Giuseppe Antonio.$0(OLS)http://semarc/name/74076 245 10$aQuestioni diverse sulle servitů prediali vedute in centoquarantaquattro figure in rame ad applicabili a qualsivoglia caso del giureconsulto Giuseppe Antonio Castelli .. 260 $aMilano :$bDa Placido Maria Visaj,$c1820. 300 $a[4], 126, [2] p., XXIV carte di tav. :$bill. calcogr. ;$c4°. 500 $aTav. incise da Pietro Becceni e i fratelli Bordiga su disegni di Carlo Donegani. 650 4$aDiritto - Servitů prediali.$0(OLS)http://semarc/subject/38696 700 1 $aBecceni, Pietro .$0(OLS)http://semarc/name/40625 700 1 $aBordiga, Benedetto .$0(OLS)http://semarc/name/74078 700 1 $aDonegani, Carlo .$0(OLS)http://semarc/name/74077 700 1 $aVisaj, Placido Maria,$c.$0(OLS)http://semarc/name/13585 850 $aSeMil 852 $aSeMil$W1$xVenegono$y1$m3L VI 20 FA$j156356$B156356$CSeMilBibl$Z2$F212300 $8I 996 $6245$aQuestioni diverse sulle servitů prediali vedute in centoquarantaquattro figure in rame ad applicabili a qualsivoglia caso del giureconsulto Giuseppe Antonio Castelli ..$9(OLS)http://semarc/title/297891 996 $6260$aMilano :$bDa Placido Maria Visaj$9(OLS)http://semarc/publisher/43121 LEADER 00607naa a2200169 i 4500 001 000000324869 003 CaOOAMICUS 005 20180831173451.0 008 180831n it u000 u ita u 013 $a35778 040 $aSeMil$bita 245 10$aCronologie. 650 4$aFailoni, Sergio <1890-1948> - Opere.$0(OLS)http://semarc/subject/5205 700 1 $aBologna, Carlo.$0(OLS)http://semarc/name/89062 700 1 $aFailoni, Sergio,$d<1890-1948>.$0(OLS)http://semarc/name/14978 773 0 $tSergio Failoni.$kGrandi Maestri alla Scala$gp.[142]-150$w()63505 996 $6245$aCronologie.$9(OLS)http://semarc/title/398117